OPAC Home

ග්‍ර‍හ අපල දුරලන පූඡා සහිත බලවත් යන්ත්‍රය (Record no. 106011)

MARC details
000 -LEADER
fixed length control field 00579nam a2200181Ia 4500
003 - CONTROL NUMBER IDENTIFIER
control field LK-CoDNM
008 - FIXED-LENGTH DATA ELEMENTS--GENERAL INFORMATION
fixed length control field 010623t1962 xxu||||| |||| 00| 1 sin d
040 ## - CATALOGING SOURCE
Original cataloging agency LK-CoDNM
Modifying agency LK-CoDNM
Description conventions LK-CoDNM
041 ## - LANGUAGE CODE
Language code of text/sound track or separate title Sinhala; Sinhalese
080 ## - UNIVERSAL DECIMAL CLASSIFICATION NUMBER
Universal Decimal Classification number 133.52 GRH
942 ## - ADDED ENTRY ELEMENTS (KOHA)
Koha item type Books
100 ## - MAIN ENTRY--PERSONAL NAME
Personal name Wyidhyarathna,Sri Deva
245 ## - TITLE STATEMENT
Title ග්‍ර‍හ අපල දුරලන පූඡා සහිත බලවත් යන්ත්‍රය
246 ## - VARYING FORM OF TITLE
Title proper/short title Graha Apala Duralana Puja Sahitha Balawath Yanthraya
260 ## - PUBLICATION, DISTRIBUTION, ETC. (IMPRINT)
Name of publisher, distributor, etc. Karunarathna Co.
Place of publication, distribution, etc. Petha
Date of publication, distribution, etc. 1962
300 ## - PHYSICAL DESCRIPTION
Other physical details 16p., 24 cm
650 ## - SUBJECT ADDED ENTRY--TOPICAL TERM
Topical term or geographic name as entry element Astrology
Holdings
Withdrawn status Lost status Damaged status Not for loan Collection code Permanent Location Current Location Date acquired Full call number Barcode Koha item type
        Monographs Library National Museum Colombo - Sri Lanka Library National Museum Colombo - Sri Lanka 2023-08-02 133.52 GRH 82727 Books
Copyright © 2023 Department of National Museum, Colombo 07, Sri Lanka Funded by UNESCO IFAP UNESCO